| 000 | 00530nam a22001817a 4500 | ||
|---|---|---|---|
| 003 | CEME | ||
| 005 | 20210628210551.0 | ||
| 008 | 210209b xxu||||| |||| 00| 0 eng d | ||
| 020 | _a0-85296267-3 | ||
| 040 | _c. | ||
| 082 | _a620.86 IEE | ||
| 100 |
_aIee _958453 |
||
| 245 | _aElectrical safety in hazardous environments third international conference 1-3 december 1982 | ||
| 260 |
_aLONDON _bIEE _c1982 |
||
| 300 | _a245P | ||
| 650 |
_aIEEE-IEE THIRD INTERNATIONAL CONFERENCE ON ELECTRICAL SAFETY _979974 |
||
| 942 |
_cBK _2ddc |
||
| 999 |
_c584952 _d584952 |
||